000 00505nam a2200157Ia 4500
003 GCL
008 140319s9999 xx 000 0 ara d
040 _aGCL /
_cGCL
082 0 4 _a882
_bط م
100 1 _aطه حسين
245 1 0 _aمن الادب المسرحى عند اليونان: اوديب ملكا. انيتجونا.الكترا /
_cطه حسين
300 _a159
490 _aمطبوعات الجديد
_v0
650 0 4 _aالادب اليونانى - تاريخ ونقد
942 _2ddc
_cBK
999 _c46721
_d46721